000 00266nam a22001217a 4500
003 SGT
082 _a618.92
_bP13A
100 _aAGRAWAL, ANIL
245 _aPEDIATRIC OSTEOARTICULAR INFECTIONS
260 _aINDIA
_bJAYPEE
_c2013
300 _a194
942 _2ddc
_cBK
999 _c14995
_d14995